000 00369nam a22001457a 4500
008 210607b ||||| |||| 00| 0 eng d
020 _a2900618858049
041 _aeng
080 _a510
082 _a510
100 _a38
101 _aMAT
245 _aFunction and Change a Modeling Approach to College Algebra and Trigonometry
_cBruce Crauder
942 _2udc
_cBK
999 _c58004
_d58004